00306nam a2200121Ia 4500008004100000041000800041082001400049100001800063245003500081260003200116300002900148365000700177240624s9999 xx 000 0 und d aeng a658.4 GRE aGREENE ROBERT a50TH LAW OF POWER FEAR NOTHING c2010aNew DelhibViva Books ax, : 291 : p. : cm. ; 21 cRS